000 00490 a2200205 4500
001 115734
020 _a9789875040274
041 _apor
090 _aP Espanhol [E]
100 _aFalconi, María Inés.
250 _a29a ed.
300 _a160 p.
490 _aLos verdes de Quipu; v.1
697 _aEspanhol
830 _aLos verdes de Quipu; v.1
040 _aBR-BrIDEA
_cBR-BrIDEA
245 1 0 _aCaídos del mapa
_c María Inés Falconi
260 _bQuipu
_c2013
942 _cBK
999 _c115734
_d115734